| 000 | 00751nam a2200253Ia 4500 | ||
|---|---|---|---|
| 003 | OSt | ||
| 005 | 20220926034049.0 | ||
| 006 | a|||||r|||| 00| 0 | ||
| 007 | ta | ||
| 008 | 220923b |||||||| |||| 00| 0 eng d | ||
| 020 | _a0892911158 | ||
| 037 | _cGeneral Book | ||
| 040 |
_aRTL _cRTL _beng |
||
| 041 |
_2eng _aeng |
||
| 082 | _aX9(J3).1.N7, L6 | ||
| 100 |
_aKnight G Gregory _9339998 |
||
| 245 | 0 |
_aTriumph or triage _b The world food problem in geogra |
|
| 260 |
_aWashington _bAssociation of American Geography _c1976 |
||
| 300 |
_a63p. _ccm. |
||
| 650 | _aFood Industry | ||
| 700 |
_a Wilcox R Paul _9339999 |
||
| 942 |
_hX9(J3).1.N7, L6 _cGB _2CC |
||
| 999 |
_c658651 _d658651 |
||